| 000 | 00441cam a2200181 4500 | ||
|---|---|---|---|
| 001 | D2016 | ||
| 008 | 090401t1983 xxu||||| |||| 00| 0 eng d | ||
| 035 | _a(Sirsi) u67083 | ||
| 041 | _aeng | ||
| 050 | _a338.436909598 | ||
| 100 | _aBunton, John | ||
| 245 | _aBuilding Indonesia: a market survey | ||
| 260 |
_aLondon _bConstruction Press _c1983 |
||
| 300 | _aviii. 208p. ill. 23cm | ||
| 350 | _a19.5 | ||
| 942 | _n0 | ||
| 948 | _c04/03/1997 | ||
| 999 |
_c94969 _d94969 |
||